[Event "Copenhagen Unibank"]
[Site "Copenhagen"]
[Date "1991.07.31"]
[Round "5"]
[White "Hoiberg, Nina"]
[Black "Warwaszynski, Zbigniew"]
[Result "1/2-1/2"]
[WhiteElo "2275"]
[BlackElo "2290"]
[PlyCount "73"]
[EventDate "1991.07.??"]
[EventType "swiss"]
[EventRounds "9"]
[EventCountry "DEN"]

1. e4 e6 2. d4 d5 3. Nc3 Nf6 4. e5 Nfd7 5. f4 c5 6. Nf3 Nc6 7. Be3 a6 8. dxc5 Bxc5 9. Bxc5 Nxc5 10. Nd4 Qb6 11. Rb1 Qb4 12. Nxc6 bxc6 13. Qd2 Ne4 14. Nxe4 Qxe4+ 15. Kf2 Rb8 16. Bd3 Qd4+ 17. Qe3 Qxe3+ 18. Kxe3 c5 19. c3 a5 20. b4 d4+ 21. cxd4 cxb4 22. a3 b3 23. a4 Bd7 24. Bb5 Rxb5 25. axb5 a4 26. Rhc1 Ke7 27. Rc7 Ra8 28. b6 Kd8 29. Ra7 Rb8 30. d5 exd5 31. Kd4 Rxb6 32. Kc5 Rb8 33. f5 Rb5+ 34. Kd6 Rb6+ 35. Kc5 Rb5+ 36. Kd6 Rb6+ 37. Kc5 1/2-1/2

[Event "Copenhagen Unibank"]
[Site "Copenhagen"]
[Date "1991.08.01"]
[Round "6"]
[White "Jakobsen, Ole"]
[Black "Hector, Jonny"]
[Result "0-1"]
[WhiteElo "2365"]
[BlackElo "2500"]
[PlyCount "126"]
[EventDate "1991.07.??"]
[EventType "swiss"]
[EventRounds "9"]
[EventCountry "DEN"]

1. d4 d5 2. c4 c6 3. Nf3 Nf6 4. Nc3 dxc4 5. a4 Bf5 6. e3 e6 7. Bxc4 Bb4 8. O-O Nbd7 9. Qe2 Bg6 10. e4 O-O 11. e5 Nd5 12. Ne4 Bh5 13. Rd1 h6 14. h3 Be7 15. a5 a6 16. Bd3 c5 17. Ng3 Bg6 18. Be3 cxd4 19. Bd2 Bc5 20. Bxg6 fxg6 21. Qe4 Qe8 22. Nxd4 Ba7 23. Be3 Qf7 24. Rd2 Nc5 25. Qg4 Rae8 26. Ne4 Nxe4 27. Qxe4 Nxe3 28. fxe3 Qc7 29. Rc2 Qd7 30. Kh1 Qd5 31. Qxg6 Qxe5 32. Rac1 Bb8 33. Nf3 Qxa5 34. Rd1 Qf5 35. Qxf5 exf5 36. Rc3 Rf7 37. Rd5 g6 38. Kg1 Kg7 39. Kf2 Ba7 40. Nd4 f4 41. Ke2 Rfe7 42. Kf3 fxe3 43. Ke2 Kf7 44. Rb3 Rc8 45. Rc3 Rxc3 46. bxc3 Bb6 47. g4 Bc7 48. h4 Bb6 49. h5 Bxd4 50. Rxd4 gxh5 51. gxh5 Kf6 52. c4 b6 53. Rd8 Kf5 54. Ra8 a5 55. Rd8 Re6 56. Rc8 Kf4 57. c5 bxc5 58. Rxc5 Re5 59. Rc4+ Kg5 60. Rc1 Kxh5 61. Rg1 Kh4 62. Rg6 h5 63. Rg1 Re8 0-1

[Event "Copenhagen Unibank"]
[Site "Copenhagen"]
[Date "1991.08.03"]
[Round "8"]
[White "Jakobsen, Ole"]
[Black "Yurtaev, Leonid"]
[Result "0-1"]
[WhiteElo "2365"]
[BlackElo "2525"]
[PlyCount "152"]
[EventDate "1991.07.??"]
[EventType "swiss"]
[EventRounds "9"]
[EventCountry "DEN"]

1. d4 Nf6 2. c4 g6 3. Nc3 Bg7 4. e4 d6 5. f3 O-O 6. Nge2 c5 7. Be3 Nc6 8. d5 Ne5 9. Ng3 a6 10. a4 e6 11. Be2 exd5 12. cxd5 h5 13. O-O Rb8 14. Qd2 Qe8 15. a5 b5 16. axb6 Rxb6 17. Ra3 Rb4 18. b3 h4 19. Nh1 h3 20. Nf2 hxg2 21. Kxg2 c4 22. Qa2 cxb3 23. Rxb3 Rxb3 24. Qxb3 Qe7 25. Na4 Nh5 26. Nb6 Qh4 27. Nxc8 Rxc8 28. Nh3 Qd8 29. Bxa6 Rb8 30. Qd1 Qa5 31. Be2 Qa2 32. Rf2 Rb1 33. Bf1 Qa1 34. Qc2 Nd7 35. Qc7 Qa3 36. Qa7 Qc3 37. Bd2 Qc8 38. Ba6 Qd8 39. Ng5 Bf6 40. h4 Qe8 41. Bd3 Ra1 42. Qc7 Bxg5 43. hxg5 Nc5 44. Bc2 Ra2 45. Bb1 Rxd2 46. Rxd2 Qe5 47. Qc8+ Kg7 48. Qg4 Nf4+ 49. Kh1 Nb3 50. Rh2 Nh5 51. Bc2 Qa1+ 52. Qg1 Nc1 53. Rd2 Qa3 54. Qf2 Kg8 55. Bd1 Nd3 56. Qd4 Ne5 57. Rb2 Nf4 58. Rb8+ Kg7 59. Rb2 Qa6 60. Kg1 Qa1 61. Kh2 Nfd3 62. f4 Qxb2+ 63. Qxb2 Nxb2 64. fxe5 Nxd1 65. exd6 Kf8 66. Kg3 Nb2 67. Kf4 Ke8 68. e5 Kd7 69. Ke4 Nd1 70. e6+ fxe6 71. Ke5 exd5 72. Kxd5 Nf2 73. Ke5 Nh3 74. Kf6 Nf4 75. Ke5 Nh5 76. Kd5 Ng7 0-1

[Event "Copenhagen Unibank"]
[Site "Copenhagen"]
[Date "1991.07.28"]
[Round "2"]
[White "Jakobsen, Ole"]
[Black "Jaksland, Tim"]
[Result "1/2-1/2"]
[WhiteElo "2365"]
[BlackElo "2265"]
[PlyCount "72"]
[EventDate "1991.07.??"]
[EventType "swiss"]
[EventRounds "9"]
[EventCountry "DEN"]

1. d4 d6 2. c4 e5 3. Nf3 Nc6 4. Nc3 Bg4 5. d5 Nce7 6. e4 g6 7. Be2 Bxf3 8. Bxf3 h5 9. h4 Bh6 10. g3 Bxc1 11. Rxc1 Nh6 12. Qd2 Kf8 13. Bg2 Kg7 14. Nd1 Rf8 15. f4 exf4 16. gxf4 f5 17. Nf2 fxe4 18. Nxe4 Nef5 19. Kd1 Ng4 20. Rc3 Re8 21. Ng5 Qf6 22. Ne6+ Rxe6 23. dxe6 Qxe6 24. Re1 Qf6 25. Rb3 Nxh4 26. Bxb7 Rf8 27. Bd5 Qxf4 28. Qxf4 Rxf4 29. Rb7 Nf5 30. Rxc7+ Kh6 31. Kd2 h4 32. Re8 Ne5 33. Rxa7 Kg5 34. Rc7 Rf2+ 35. Kc3 Ne3 36. b3 Rxa2 1/2-1/2

[Event "Copenhagen Unibank"]
[Site "Copenhagen"]
[Date "1991.07.30"]
[Round "4"]
[White "Jakobsen, Ole"]
[Black "Nielsen, Uffe V"]
[Result "1-0"]
[WhiteElo "2365"]
[BlackElo "2300"]
[PlyCount "75"]
[EventDate "1991.07.??"]
[EventType "swiss"]
[EventRounds "9"]
[EventCountry "DEN"]

1. d4 Nf6 2. c4 c5 3. d5 b5 4. cxb5 a6 5. f3 axb5 6. e4 Qa5+ 7. Bd2 b4 8. Na3 d6 9. Nc4 Qc7 10. a3 e6 11. dxe6 Bxe6 12. Bf4 Bxc4 13. Bxc4 bxa3 14. bxa3 Be7 15. Ne2 O-O 16. Nc3 Nc6 17. O-O Nd4 18. g4 Qa7 19. Be3 Rab8 20. Ra2 Rfe8 21. g5 Nd7 22. f4 Bf8 23. h4 Nb6 24. Bd3 Qa5 25. Bd2 c4 26. Bb1 Nb3 27. Be1 Qa6 28. Bf2 Rbd8 29. Qf3 g6 30. f5 Rd7 31. h5 Qa5 32. Kh1 Re5 33. Bxb6 Qxb6 34. Nd5 Rxd5 35. exd5 Qd4 36. fxg6 Nd2 37. gxf7+ Kh8 38. Rxd2 1-0

[Event "Copenhagen Unibank"]
[Site "Copenhagen"]
[Date "1991.07.27"]
[Round "1"]
[White "Jaksland, Tim"]
[Black "Jasnikowski, Zbigniew"]
[Result "1/2-1/2"]
[WhiteElo "2265"]
[BlackElo "2460"]
[PlyCount "85"]
[EventDate "1991.07.??"]
[EventType "swiss"]
[EventRounds "9"]
[EventCountry "DEN"]

1. d4 Nf6 2. c4 g6 3. Nc3 d5 4. Nf3 Bg7 5. Bg5 Ne4 6. cxd5 Nxg5 7. Nxg5 e6 8. Qd2 exd5 9. Qe3+ Kf8 10. Qf4 Qf6 11. Qxf6 Bxf6 12. Nf3 c6 13. e3 Bf5 14. Be2 Nd7 15. O-O Be7 16. Ne1 Bd6 17. Bd3 Bxd3 18. Nxd3 a5 19. Rfe1 f5 20. f3 Nf6 21. e4 fxe4 22. fxe4 Nxe4 23. Nxe4 dxe4 24. Rxe4 Re8 25. Rae1 Rxe4 26. Rxe4 Kf7 27. Ne5+ Ke6 28. Nc4+ Kd5 29. Nxd6 Kxd6 30. Kf2 Rf8+ 31. Ke2 Rf5 32. a4 h5 33. g4 hxg4 34. Rxg4 g5 35. Ke3 Kd5 36. b3 b5 37. axb5 cxb5 38. Rg1 a4 39. bxa4 bxa4 40. Ra1 g4 41. Rxa4 Rf3+ 42. Ke2 Rh3 43. Kf2 1/2-1/2

[Event "Copenhagen Unibank"]
[Site "Copenhagen"]
[Date "1991.08.02"]
[Round "7"]
[White "Jaksland, Tim"]
[Black "Wlodarczyk, Robert"]
[Result "0-1"]
[WhiteElo "2265"]
[BlackElo "2285"]
[PlyCount "52"]
[EventDate "1991.07.??"]
[EventType "swiss"]
[EventRounds "9"]
[EventCountry "DEN"]

1. d4 Nf6 2. c4 e5 3. dxe5 Ng4 4. Nf3 Bc5 5. e3 Nc6 6. b3 O-O 7. Bb2 Re8 8. Bd3 d6 9. exd6 Bxe3 10. fxe3 Nxe3 11. Qc1 Qxd6 12. Kd2 Bf5 13. Qc3 f6 14. Nd4 Qf4 15. Nxf5 Nxf5+ 16. Kd1 Ne3+ 17. Kc1 Nf1+ 18. Kd1 Rad8 19. Nd2 Qg4+ 20. Kc2 Nd4+ 21. Kb1 Re1+ 22. Bc1 Nxd2+ 23. Qxd2 Rxh1 24. h3 Qh5 25. Kb2 Nc6 26. Kc2 Rxd3 0-1

[Event "Copenhagen Unibank"]
[Site "Copenhagen"]
[Date "1991.07.29"]
[Round "3"]
[White "Jaksland, Tim"]
[Black "Stein, Bernd"]
[Result "0-1"]
[WhiteElo "2265"]
[BlackElo "2355"]
[PlyCount "74"]
[EventDate "1991.07.??"]
[EventType "swiss"]
[EventRounds "9"]
[EventCountry "DEN"]

1. d4 Nf6 2. c4 e6 3. Nf3 c5 4. d5 exd5 5. cxd5 d6 6. Nc3 g6 7. Nd2 a6 8. a4 Nbd7 9. e4 Bg7 10. f4 O-O 11. Be2 Re8 12. O-O Rb8 13. Kh1 Qc7 14. g4 h6 15. e5 dxe5 16. g5 hxg5 17. fxg5 Nh7 18. Nde4 f5 19. Bc4 Kh8 20. d6 Qd8 21. Nd5 b5 22. Ne7 Rxe7 23. dxe7 Qxe7 24. axb5 Bb7 25. Bd5 Nb6 26. Bc6 axb5 27. Ra7 Nf8 28. Qb3 c4 29. Qh3+ Kg8 30. Bxb7 Rxb7 31. Nf6+ Kf7 32. Ra3 Nbd7 33. Nxd7 Rxd7 34. Be3 Rd3 35. Ra7 Qxa7 36. Rxf5+ Kg8 37. Rxf8+ Bxf8 0-1

[Event "Copenhagen Unibank"]
[Site "Copenhagen"]
[Date "1991.07.31"]
[Round "5"]
[White "Jaksland, Tim"]
[Black "Skousen, Nikolai"]
[Result "1-0"]
[WhiteElo "2265"]
[BlackElo "2245"]
[PlyCount "67"]
[EventDate "1991.07.??"]
[EventType "swiss"]
[EventRounds "9"]
[EventCountry "DEN"]

1. d4 Nf6 2. c4 g6 3. Nc3 Bg7 4. Nf3 O-O 5. Bf4 d6 6. e3 Nbd7 7. h3 c6 8. Be2 b6 9. O-O Bb7 10. Rc1 h6 11. Bh2 Re8 12. Qc2 e5 13. b4 Qe7 14. c5 dxc5 15. bxc5 bxc5 16. dxe5 Nd5 17. Ne4 Nxe5 18. Nxc5 Bc8 19. Rfe1 Rb8 20. Nd4 Rb6 21. Bf1 Nd7 22. Na4 Bxd4 23. exd4 Qxe1 24. Rxe1 Rxe1 25. Nxb6 N7xb6 26. Qd2 Rb1 27. Qxh6 Ba6 28. Be5 Rxf1+ 29. Kh2 f6 30. Qxg6+ Kh8 31. Bxf6+ Nxf6 32. Qxf6+ Kg8 33. Qd8+ Kf7 34. Qc7+ 1-0

[Event "Copenhagen Unibank"]
[Site "Copenhagen"]
[Date "1991.08.04"]
[Round "9"]
[White "Jaksland, Tim"]
[Black "Peschardt, Soren"]
[Result "1-0"]
[WhiteElo "2265"]
[BlackElo "2235"]
[PlyCount "51"]
[EventDate "1991.07.??"]
[EventType "swiss"]
[EventRounds "9"]
[EventCountry "DEN"]

1. d4 f5 2. Nc3 d5 3. g4 fxg4 4. h3 g3 5. fxg3 Nf6 6. e4 dxe4 7. Nge2 Nc6 8. Bf4 e6 9. Bg2 Bb4 10. O-O Bxc3 11. bxc3 O-O 12. g4 h6 13. g5 hxg5 14. Bxg5 e5 15. Ng3 exd4 16. Nxe4 Qe7 17. Qe1 Qe5 18. Bxf6 gxf6 19. Qh4 Bf5 20. Rae1 dxc3 21. Kh1 Ne7 22. Ng3 Qc5 23. Rxe7 Qxe7 24. Nxf5 Qh7 25. Qg3+ Kh8 26. Rf4 1-0

[Event "Copenhagen Unibank"]
[Site "Copenhagen"]
[Date "1991.08.03"]
[Round "8"]
[White "Jasnikowski, Zbigniew"]
[Black "Fedder, Steen"]
[Result "1/2-1/2"]
[WhiteElo "2460"]
[BlackElo "2400"]
[PlyCount "116"]
[EventDate "1991.07.??"]
[EventType "swiss"]
[EventRounds "9"]
[EventCountry "DEN"]

1. d4 Nf6 2. c4 c5 3. d5 b5 4. Nf3 g6 5. cxb5 a6 6. e3 Bg7 7. Nc3 O-O 8. a4 d6 9. Be2 axb5 10. Bxb5 Ba6 11. O-O Bxb5 12. Nxb5 Nbd7 13. Re1 Nb6 14. e4 Qd7 15. Nc3 Qb7 16. Qc2 Rfb8 17. Ra2 Ne8 18. b3 Nc7 19. Bd2 Nd7 20. Rb1 Ra6 21. a5 Raa8 22. Nd1 Na6 23. Ne3 Nb4 24. Bxb4 Qxb4 25. Nc4 Ra6 26. Ra4 Qc3 27. Qxc3 Bxc3 28. Nfd2 Rb5 29. Nf1 Nf6 30. Ng3 e6 31. Ne2 Bb4 32. dxe6 fxe6 33. e5 dxe5 34. Kf1 Nd5 35. Rc1 Kg7 36. f3 h5 37. h4 Ne7 38. Ng3 Nc6 39. Ne4 Nd4 40. Rb1 Rb7 41. Kf2 Nc6 42. Kf1 Rd7 43. Rxb4 cxb4 44. Nc5 Raa7 45. Nxd7 Rxd7 46. Ke1 Ra7 47. Ra1 Ra6 48. Kd1 Nd4 49. Ra4 Nxb3 50. Rxb4 Nxa5 51. Nxe5 Nc6 52. Rb7+ Kf6 53. Nxc6 Rxc6 54. Rb4 Ra6 55. Ke2 Ra2+ 56. Kf1 Rd2 57. Rf4+ Kg7 58. Kg1 e5 1/2-1/2

[Event "Copenhagen Unibank"]
[Site "Copenhagen"]
[Date "1991.07.30"]
[Round "4"]
[White "Jasnikowski, Zbigniew"]
[Black "Vyzmanavin, Alexey"]
[Result "1/2-1/2"]
[WhiteElo "2460"]
[BlackElo "2590"]
[PlyCount "52"]
[EventDate "1991.07.??"]
[EventType "swiss"]
[EventRounds "9"]
[EventCountry "DEN"]

1. d4 Nf6 2. c4 e6 3. Nf3 b6 4. g3 Ba6 5. b3 Bb4+ 6. Bd2 Be7 7. Bg2 c6 8. O-O d5 9. Nc3 Nbd7 10. Bf4 O-O 11. Qd3 Rc8 12. Rfd1 c5 13. Nb5 cxd4 14. Nxa7 dxc4 15. Qxd4 Rc7 16. Ne5 Bc5 17. Qc3 Rxa7 18. b4 Bxf2+ 19. Kxf2 Bb7 20. Nxd7 Nxd7 21. Bxb7 Rxb7 22. Qxc4 b5 23. Qc6 Qb6+ 24. Qxb6 Nxb6 25. Rd6 h6 26. Be3 Nc4 1/2-1/2

[Event "Copenhagen Unibank"]
[Site "Copenhagen"]
[Date "1991.08.01"]
[Round "6"]
[White "Jasnikowski, Zbigniew"]
[Black "Bronstein, David"]
[Result "1/2-1/2"]
[WhiteElo "2460"]
[BlackElo "2460"]
[PlyCount "47"]
[EventDate "1991.07.??"]
[EventType "swiss"]
[EventRounds "9"]
[EventCountry "DEN"]

1. d4 Nf6 2. c4 g6 3. Nf3 Bg7 4. g3 O-O 5. Bg2 d6 6. Nc3 Nbd7 7. O-O e5 8. h3 Re8 9. e4 exd4 10. Nxd4 Nc5 11. Re1 Bd7 12. Rb1 h6 13. Kh2 Nh7 14. Be3 Ng5 15. f3 Qc8 16. h4 Nh7 17. Qd2 h5 18. Rbd1 Ne6 19. Nxe6 Bxe6 20. Bd4 Bxd4 21. Qxd4 Qd8 22. c5 dxc5 23. Qxc5 Qe7 24. Qxe7 1/2-1/2

[Event "Copenhagen Unibank"]
[Site "Copenhagen"]
[Date "1991.07.28"]
[Round "2"]
[White "Jasnikowski, Zbigniew"]
[Black "Hoiberg, Nina"]
[Result "1-0"]
[WhiteElo "2460"]
[BlackElo "2275"]
[PlyCount "109"]
[EventDate "1991.07.??"]
[EventType "swiss"]
[EventRounds "9"]
[EventCountry "DEN"]

1. d4 d6 2. Nf3 f5 3. c4 Nf6 4. Nc3 g6 5. g3 Bg7 6. Bg2 O-O 7. O-O c6 8. Qc2 Qc7 9. e4 fxe4 10. Nxe4 Nxe4 11. Qxe4 Bf5 12. Qh4 e5 13. dxe5 dxe5 14. Ng5 Bf6 15. c5 Qe7 16. Qc4+ Kg7 17. Ne4 Bxe4 18. Bxe4 Na6 19. b4 Rad8 20. Bb2 Qf7 21. Qxf7+ Rxf7 22. a3 Nc7 23. Rfd1 Rfd7 24. Rxd7+ Rxd7 25. Kf1 Ne6 26. Ke1 Nd4 27. Rd1 a6 28. h4 Rd8 29. Rd3 Kf7 30. Kd2 Ke6 31. Kc3 Nb5+ 32. Kc4 Rxd3 33. Kxd3 a5 34. bxa5 Nc7 35. Kc4 Be7 36. Bc1 Na6 37. Be3 Kd7 38. Bf3 h6 39. Bxh6 Nxc5 40. Bd2 Na4 41. Be4 b5+ 42. axb6 Nxb6+ 43. Kb3 c5 44. Be3 Ke6 45. f3 c4+ 46. Kc2 Nd5 47. Bc1 Bc5 48. Bxg6 Bf2 49. h5 Bxg3 50. h6 Bh4 51. h7 Bf6 52. Be4 Nf4 53. a4 Kd7 54. a5 Ne2 55. Be3 1-0

[Event "Copenhagen Unibank"]
[Site "Copenhagen"]
[Date "1991.07.29"]
[Round "3"]
[White "Jorgensen, Brian"]
[Black "Jakobsen, Ole"]
[Result "1-0"]
[WhiteElo "2240"]
[BlackElo "2365"]
[PlyCount "65"]
[EventDate "1991.07.??"]
[EventType "swiss"]
[EventRounds "9"]
[EventCountry "DEN"]

1. Nf3 Nf6 2. g3 g6 3. Bg2 Bg7 4. O-O d5 5. c4 O-O 6. cxd5 Nxd5 7. Nc3 Nc6 8. Nxd5 Qxd5 9. d3 Qh5 10. Qb3 a5 11. Be3 a4 12. Qc2 a3 13. d4 axb2 14. Qxb2 Ra4 15. Rfd1 Qa5 16. Bd2 Qa7 17. Bc3 Ra3 18. e3 Re8 19. Nd2 Be6 20. Nb3 Bg4 21. Rd2 Rb8 22. h3 Bc8 23. Rc1 e6 24. d5 Bxc3 25. Qxc3 exd5 26. Bxd5 Bxh3 27. Qf6 Rf8 28. Rxc6 Qb8 29. Bxf7+ Rxf7 30. Rd8+ Qxd8 31. Qxd8+ Kg7 32. Rxc7 Rxa2 33. Rxf7+ 1-0

[Event "Copenhagen Unibank"]
[Site "Copenhagen"]
[Date "1991.07.27"]
[Round "1"]
[White "Jorgensen, Brian"]
[Black "Danielsen, Henrik"]
[Result "1-0"]
[WhiteElo "2240"]
[BlackElo "2405"]
[PlyCount "41"]
[EventDate "1991.07.??"]
[EventType "swiss"]
[EventRounds "9"]
[EventCountry "DEN"]

1. d4 Nf6 2. c4 e6 3. Nc3 Bb4 4. Bd2 O-O 5. Nf3 b6 6. g3 Ba6 7. Qa4 c5 8. a3 Bxc3 9. Bxc3 d5 10. cxd5 exd5 11. Bg2 Qe7 12. Ne5 Ne4 13. O-O Bxe2 14. Rfe1 Ba6 15. Bxe4 dxe4 16. dxc5 bxc5 17. Qxe4 Qb7 18. Qg4 Qc8 19. Nd7 f6 20. Qe6+ Kh8 21. Nxf8 1-0

[Event "Copenhagen Unibank"]
[Site "Copenhagen"]
[Date "1991.08.01"]
[Round "6"]
[White "Jorgensen, Brian Jorgen"]
[Black "Hoiberg, Nina"]
[Result "0-1"]
[WhiteElo "2270"]
[BlackElo "2275"]
[PlyCount "78"]
[EventDate "1991.07.??"]
[EventType "swiss"]
[EventRounds "9"]
[EventCountry "DEN"]

1. e4 e5 2. Nf3 Nc6 3. Bb5 d6 4. d4 Bd7 5. c3 Nf6 6. Nbd2 Be7 7. Qe2 exd4 8. cxd4 O-O 9. h3 a6 10. Bd3 Nb4 11. Bb1 c5 12. a3 Bb5 13. Qe3 Rc8 14. Nb3 c4 15. Nbd2 Nd3+ 16. Bxd3 cxd3 17. O-O a5 18. a4 Ba6 19. Ne1 d5 20. e5 Ne4 21. Nxd3 Nxd2 22. Bxd2 Qd7 23. Bxa5 Rc4 24. b3 Rc6 25. Rfd1 Rg6 26. Rac1 b6 27. Bb4 Bxd3 28. Bxe7 Be4 29. Bxf8 Rxg2+ 30. Kf1 Rh2 31. Qg3 Rg2 32. Qc3 Qf5 33. Qe3 Rh2 34. Be7 Rxh3 35. Qf4 Bf3 36. Qxf3 Rxf3 37. Rd2 h5 38. b4 Rh3 39. Re1 Qf3 0-1

[Event "Copenhagen Unibank"]
[Site "Copenhagen"]
[Date "1991.07.29"]
[Round "3"]
[White "Jorgensen, Brian Jorgen"]
[Black "Dobronauteanu, Ion Serban"]
[Result "1/2-1/2"]
[WhiteElo "2270"]
[BlackElo "2220"]
[PlyCount "43"]
[EventDate "1991.07.??"]
[EventType "swiss"]
[EventRounds "9"]
[EventCountry "DEN"]

1. e4 e6 2. d4 d5 3. Nc3 Nf6 4. Bg5 dxe4 5. Nxe4 Be7 6. Bxf6 gxf6 7. Nf3 b6 8. Bd3 Bb7 9. Qe2 Nd7 10. Rd1 c6 11. O-O Qc7 12. c3 O-O-O 13. a4 c5 14. dxc5 Nxc5 15. Nxc5 Bxc5 16. b4 Bd6 17. Ra1 Rhg8 18. a5 Bxh2+ 19. Kh1 Rd5 20. axb6 Rh5 21. bxc7 Bf4+ 22. Kg1 1/2-1/2

[Event "Copenhagen Unibank"]
[Site "Copenhagen"]
[Date "1991.08.01"]
[Round "6"]
[White "Kishnev, Sergey"]
[Black "Hoi, Carsten"]
[Result "1/2-1/2"]
[WhiteElo "2540"]
[BlackElo "2440"]
[PlyCount "84"]
[EventDate "1991.07.??"]
[EventType "swiss"]
[EventRounds "9"]
[EventCountry "DEN"]

1. d4 d6 2. Nf3 g6 3. c4 Bg7 4. Nc3 Bg4 5. g3 Nf6 6. Bg2 O-O 7. O-O Nc6 8. h3 Bxf3 9. Bxf3 Nd7 10. e3 e5 11. dxe5 Ndxe5 12. Be2 Qd7 13. Kh2 Na5 14. Qd5 Naxc4 15. Bxc4 c6 16. Qe4 d5 17. Bxd5 cxd5 18. Qxd5 Qe7 19. e4 Rad8 20. Qb5 Nf3+ 21. Kg2 a6 22. Qa5 Rd3 23. Qa4 b5 24. Qc2 Rfd8 25. Qe2 b4 26. Na4 f5 27. Be3 Nd2 28. Bxd2 Rxd2 29. Qc4+ Kh8 30. exf5 Qb7+ 31. Kg1 Bd4 32. fxg6 Rf8 33. Rac1 Qf3 34. g7+ Kxg7 35. Kh2 Rxf2+ 36. Rxf2 Qxf2+ 37. Kh1 Qf3+ 38. Kh2 Qf2+ 39. Kh1 Qf3+ 40. Kh2 Be3 41. Rc2 Kh8 42. Rg2 Bf2 1/2-1/2

[Event "Copenhagen Unibank"]
[Site "Copenhagen"]
[Date "1991.08.03"]
[Round "8"]
[White "Kishnev, Sergey"]
[Black "Hansen, Sune Berg"]
[Result "1/2-1/2"]
[WhiteElo "2540"]
[BlackElo "2320"]
[PlyCount "137"]
[EventDate "1991.07.??"]
[EventType "swiss"]
[EventRounds "9"]
[EventCountry "DEN"]

1. d4 f5 2. Nf3 Nf6 3. Bg5 Ne4 4. Bf4 e6 5. Nbd2 Be7 6. e3 O-O 7. Bd3 d5 8. g4 Nd7 9. Rg1 Ndf6 10. Ne5 Nxd2 11. Kxd2 Ne4+ 12. Ke2 c5 13. f3 cxd4 14. gxf5 exf5 15. exd4 Qb6 16. fxe4 fxe4 17. Bxe4 dxe4 18. Qd2 Bf6 19. c3 Be6 20. Ng4 Bc4+ 21. Kd1 Bxd4 22. cxd4 Rxf4 23. Ne3 Rd8 24. Nxc4 Qxd4 25. Qxd4 Rxd4+ 26. Ke2 Rxc4 27. Rac1 Rxc1 28. Rxc1 h5 29. Rc8+ Kh7 30. Rc7 Rh4 31. Rxb7 Rxh2+ 32. Ke3 h4 33. Rxa7 Rxb2 34. Kxe4 h3 35. Rc7 Rxa2 36. Kf4 Rg2 37. Kf3 Rg1 38. Rc2 g5 39. Rh2 g4+ 40. Kf2 Ra1 41. Kg3 Ra4 42. Rb2 Kg6 43. Rb6+ Kf5 44. Rb5+ Ke6 45. Rh5 Re4 46. Rg5 Kf6 47. Rg8 Rd4 48. Rh8 Re4 49. Rg8 Ke5 50. Rd8 Rd4 51. Rh8 Kd5 52. Rc8 Re4 53. Rc1 Kd4 54. Rd1+ Ke3 55. Re1+ Kd3 56. Rd1+ Ke2 57. Rh1 Kd2 58. Ra1 Rd4 59. Rh1 Ke2 60. Rh2+ Kd1 61. Ra2 Kc1 62. Rf2 Kb1 63. Re2 Rc4 64. Rf2 Rc2 65. Rf1+ Rc1 66. Rf2 Rg1+ 67. Kh2 g3+ 68. Kxg1 h2+ 69. Rxh2 1/2-1/2

[Event "Copenhagen Unibank"]
[Site "Copenhagen"]
[Date "1991.07.30"]
[Round "4"]
[White "Kishnev, Sergey"]
[Black "Barbero, Gerardo F"]
[Result "0-1"]
[WhiteElo "2540"]
[BlackElo "2485"]
[PlyCount "110"]
[EventDate "1991.07.??"]
[EventType "swiss"]
[EventRounds "9"]
[EventCountry "DEN"]

1. d4 Nf6 2. c4 g6 3. Nc3 Bg7 4. e4 d6 5. Nf3 O-O 6. Be2 e5 7. O-O Nbd7 8. Qc2 c6 9. Rd1 Qe7 10. d5 c5 11. Rb1 Ne8 12. Bd3 Ndf6 13. Re1 Nh5 14. g3 f5 15. exf5 gxf5 16. Nh4 Qf6 17. Ng2 Kh8 18. f4 e4 19. Be2 Qg6 20. Qd1 Bd4+ 21. Be3 Bxe3+ 22. Nxe3 Nxf4 23. Bf1 Nh5 24. Ng2 Nef6 25. Be2 Bd7 26. Qd2 Rae8 27. Bxh5 Qxh5 28. Nf4 Qh6 29. h3 Rg8 30. Qf2 Re7 31. Re3 Reg7 32. Nce2 Bc8 33. Kg2 Rf7 34. b4 b6 35. bxc5 bxc5 36. Ne6 Nh5 37. N2f4 Nxf4+ 38. Nxf4 Qf6 39. Rb8 Qe5 40. Reb3 Re7 41. Qe3 Qd4 42. Qe2 e3 43. Kh2 Re4 44. Rd3 Qe5 45. Rd1 Rd4 46. Rxd4 cxd4 47. Qh5 d3 48. Rxc8 Qb2+ 49. Kh1 Qc1+ 50. Kh2 Qb2+ 51. Kh1 Rxc8 52. Qxf5 Rb8 53. Nxd3 Qb1+ 54. Kg2 Rb2+ 55. Kf3 Rf2+ 0-1

[Event "Copenhagen Unibank"]
[Site "Copenhagen"]
[Date "1991.07.28"]
[Round "2"]
[White "Kishnev, Sergey"]
[Black "Jorgensen, Brian"]
[Result "1-0"]
[WhiteElo "2540"]
[BlackElo "2240"]
[PlyCount "71"]
[EventDate "1991.07.??"]
[EventType "swiss"]
[EventRounds "9"]
[EventCountry "DEN"]

1. d4 Nf6 2. c4 g6 3. Nc3 Bg7 4. e4 d6 5. Nf3 O-O 6. Be2 e5 7. O-O Nc6 8. d5 Ne7 9. Nd2 Nd7 10. b4 a5 11. bxa5 Rxa5 12. Nb3 Ra8 13. Be3 b6 14. a4 f5 15. a5 bxa5 16. Nxa5 Nf6 17. f3 c5 18. Nc6 Rxa1 19. Qxa1 Qe8 20. Na7 f4 21. Bf2 g5 22. Ncb5 Qd7 23. Nxc8 Nxc8 24. Qa6 g4 25. Qc6 Qxc6 26. dxc6 Kf7 27. Rd1 Ke6 28. Nc7+ Kf7 29. Nd5 Ne8 30. Rb1 Bf6 31. Rb7+ Kg6 32. fxg4 Ng7 33. h4 Ne6 34. g5 Bxg5 35. hxg5 Nxg5 36. Bg4 1-0

[Event "Copenhagen Unibank"]
[Site "Copenhagen"]
[Date "1991.07.31"]
[Round "5"]
[White "Kubien, Jerzy"]
[Black "Vogt, Lothar"]
[Result "1/2-1/2"]
[WhiteElo "2260"]
[BlackElo "2510"]
[PlyCount "62"]
[EventDate "1991.07.??"]
[EventType "swiss"]
[EventRounds "9"]
[EventCountry "DEN"]

1. Nf3 Nf6 2. c4 g6 3. b3 Bg7 4. Bb2 d6 5. d4 c5 6. Nc3 cxd4 7. Nxd4 b6 8. g3 Bb7 9. Nf3 Nbd7 10. Bg2 Ne5 11. Nh4 Bxg2 12. Nxg2 O-O 13. O-O Qd7 14. Qd4 a6 15. Rfd1 b5 16. Nd5 Nxd5 17. Qxd5 Qh3 18. Nf4 Qh6 19. Rab1 bxc4 20. bxc4 Rac8 21. Bxe5 Bxe5 22. Nd3 Bf6 23. Rb6 Ra8 24. Kg2 Qg5 25. Qxg5 Bxg5 26. c5 dxc5 27. Nxc5 Rfc8 28. Nxa6 Rc2 29. Kf3 Rxa2 30. Rb8+ Rxb8 31. Nxb8 Kg7 1/2-1/2

[Event "Copenhagen Unibank"]
[Site "Copenhagen"]
[Date "1991.08.03"]
[Round "8"]
[White "Kubien, Jerzy"]
[Black "Stein, Bernd"]
[Result "1/2-1/2"]
[WhiteElo "2260"]
[BlackElo "2355"]
[PlyCount "30"]
[EventDate "1991.07.??"]
[EventType "swiss"]
[EventRounds "9"]
[EventCountry "DEN"]

1. e4 c5 2. Nf3 e6 3. c4 a6 4. Nc3 d6 5. d4 cxd4 6. Nxd4 Nf6 7. Be2 b6 8. Be3 Bb7 9. f3 Be7 10. O-O O-O 11. Qe1 Nbd7 12. Qg3 Re8 13. Rfd1 Rc8 14. Rac1 Qc7 15. Bf1 Bf8 1/2-1/2

[Event "Copenhagen Unibank"]
[Site "Copenhagen"]
[Date "1991.07.28"]
[Round "2"]
[White "Kubien, Jerzy"]
[Black "Fedder, Steen"]
[Result "0-1"]
[WhiteElo "2260"]
[BlackElo "2400"]
[PlyCount "122"]
[EventDate "1991.07.??"]
[EventType "swiss"]
[EventRounds "9"]
[EventCountry "DEN"]

1. e4 c5 2. Nf3 Nc6 3. Bb5 g6 4. O-O Bg7 5. Re1 e5 6. Bxc6 bxc6 7. b3 d6 8. d3 Nh6 9. Nbd2 O-O 10. Bb2 f5 11. h3 Nf7 12. Nc4 Be6 13. Qe2 Qd7 14. Rad1 Rae8 15. a4 Qc7 16. Ba3 Bc8 17. Qd2 Re7 18. Qa5 Qxa5 19. Nxa5 Rc7 20. Bc1 Bf6 21. Nc4 Re8 22. Ne3 Kg7 23. Nf1 h5 24. Ng3 h4 25. Nf1 Be6 26. Ne3 Rd7 27. Bb2 Rb8 28. Ba3 Rbd8 29. Nf1 fxe4 30. dxe4 c4 31. bxc4 Bxc4 32. Ne3 Be6 33. Bb2 Ng5 34. Nxg5 Bxg5 35. Bc3 Bf6 36. Ng4 Bxg4 37. hxg4 Bg5 38. Rd3 Kf6 39. Red1 Ke6 40. Ba5 Rb8 41. Rc3 c5 42. Rb3 Rxb3 43. cxb3 d5 44. exd5+ Rxd5 45. Rxd5 Kxd5 46. Bc3 Ke4 47. Kf1 Kf4 48. f3 e4 49. Bd2+ e3 50. Ba5 Kg3 51. Kg1 h3 52. Be1+ Kf4 53. Kh2 e2 54. Kxh3 Ke3 55. Kg3 Bf4+ 56. Kh4 Kd3 57. g3 Bd2 58. Bf2 Be3 59. Be1 Kc2 60. f4 Kd1 61. Ba5 Bd2 0-1